| Tag |
First Indicator |
Second Indicator |
Subfields |
| LEADER |
00000cam a2200000 a 4500 |
| 001 |
in00001479430 |
| 005 |
20151021062610.0 |
| 008 |
970926s1997 vauab f000 0 eng d |
| 035 |
|
|
|a (OCoLC)37691322
|
| 035 |
|
|
|9 AJG2112AM
|
| 040 |
|
|
|d IQU
|d GPO
|d DLC
|d MvI
|d UtOrBLW
|
| 043 |
|
|
|a a-pk---
|
| 049 |
|
|
|a UDOC
|
| 074 |
|
|
|a 0621-L
|
| 086 |
0 |
|
|a I 19.127:109-97
|z I 19.127:97-109
|
| 100 |
1 |
|
|a SanFilipo, John R.
|
| 245 |
1 |
0 |
|a Satellite image maps of Pakistan.
|
| 264 |
|
1 |
|a [Reston, Va.] :
|b [U.S. Dept. of the Interior, U.S. Geological Survey] ;
|c [1997]
|
| 264 |
|
2 |
|a [Denver, Colo.] :
|b [USGS Information Services, distributor],
|
| 300 |
|
|
|a 1 sheet :
|b color illustrations, color map ;
|c 28 cm.
|
| 336 |
|
|
|a text
|b txt
|2 rdacontent
|
| 337 |
|
|
|a unmediated
|b n
|2 rdamedia
|
| 338 |
|
|
|a sheet
|b nb
|2 rdacarrier
|
| 490 |
1 |
|
|a USGS Fact sheet ;
|v 109-97
|
| 500 |
|
|
|a Caption title.
|
| 500 |
|
|
|a "John SanFilipo, Jean Claude Thomas, Peter Warwick"--P. [2].
|
| 500 |
|
|
|a Shipping list number: 97-0366-P.
|
| 500 |
|
|
|a "July 1997"--P. [2].
|
| 651 |
|
0 |
|a Pakistan
|x Remote-sensing maps.
|
| 650 |
|
0 |
|a Landsat satellites.
|
| 700 |
1 |
|
|a Thomas, Jean-Charles.
|
| 700 |
1 |
|
|a Warwick, Peter D.
|
| 710 |
2 |
|
|a Geological Survey (U.S.)
|
| 830 |
|
0 |
|a Fact sheet (Geological Survey (U.S.)) ;
|v FS-97-109.
|
| 999 |
|
|
|a MARS
|
| 999 |
f |
f |
|s e7184f89-fed5-3011-8eb2-646b8f2306fe
|i c0ca810f-c2b0-3974-935f-f96a8a6686fe
|t 0
|
| 952 |
f |
f |
|p normal
|a Texas A&M University
|b College Station
|c Sterling C. Evans Library
|d Evans: US Documents (Annex 5th floor)
|t 0
|e I 19.127:109-97
|h Superintendent of Documents classification
|i unmediated -- sheet
|m A14821781105
|
| 998 |
f |
f |
|a I 19.127:109-97
|t 0
|l Evans: US Documents (Annex 5th floor)
|